5HLuxD.jpg

KING HENRY VIII SENIOR AND PRIMARY SCHOOL LIBRARY OPAC

Cambridge International AS & A Level Economics: (Record no. 3743)

000 -LEADER
fixed length control field 01350nam a22003017a 4500
003 - CONTROL NUMBER IDENTIFIER
control field OSt
005 - DATE AND TIME OF LATEST TRANSACTION
control field 20241009085334.0
008 - FIXED-LENGTH DATA ELEMENTS--GENERAL INFORMATION
fixed length control field 241009b ||||| |||| 00| 0 eng d
020 ## - INTERNATIONAL STANDARD BOOK NUMBER
International Standard Book Number 9789675492785
040 ## - CATALOGING SOURCE
Transcribing agency KH8
082 ## - DEWEY DECIMAL CLASSIFICATION NUMBER
Classification number 330.076 WON
100 ## - MAIN ENTRY--PERSONAL NAME
Personal name Wong, Wai Leong,
Relator term author.
245 ## - TITLE STATEMENT
Title Cambridge International AS & A Level Economics:
Remainder of title Model Essays /
Statement of responsibility, etc. Wong Wai Leong with Ngew Shook Ying and Nedumaran Munusamy.
250 ## - EDITION STATEMENT
Edition statement Second Edition
260 ## - PUBLICATION, DISTRIBUTION, ETC.
Place of publication, distribution, etc. Malaysia ;
Name of publisher, distributor, etc. Scola Books ,
Date of publication, distribution, etc. 2023.
300 ## - PHYSICAL DESCRIPTION
Extent viii, 303 pages :
Other physical details color illustrations ;
Dimensions 26 cm.
520 ## - SUMMARY, ETC.
Summary, etc. The second edition of the best-selling revision guide that helps students gain a strong grade in the essay component of the 2023-2025 Cambridge International AS & A Level Economics (9708) examination paper. With over 50 new model essays, the book provides a clear essay structure for each essay, tips, and conceptual diagrams.
650 ## - SUBJECT ADDED ENTRY--TOPICAL TERM
Topical term or geographic name entry element Economics
Form subdivision Examinations, questions, etc.
650 ## - SUBJECT ADDED ENTRY--TOPICAL TERM
Topical term or geographic name entry element Pricing
Form subdivision Examinations, questions, etc.
650 ## - SUBJECT ADDED ENTRY--TOPICAL TERM
Topical term or geographic name entry element Microeconomics
Form subdivision Examinations, questions, etc.
650 ## - SUBJECT ADDED ENTRY--TOPICAL TERM
Topical term or geographic name entry element Macroeconomincs
Form subdivision Examinations, questions, etc.
650 ## - SUBJECT ADDED ENTRY--TOPICAL TERM
Topical term or geographic name entry element Essays
700 ## - ADDED ENTRY--PERSONAL NAME
Personal name Ngew, Shook Ying,
Relator term author.
700 ## - ADDED ENTRY--PERSONAL NAME
Personal name Nedumaran Munusamy,
Relator term author.
700 ## - ADDED ENTRY--PERSONAL NAME
Personal name Hani Hazman,
Relator term editor.
700 ## - ADDED ENTRY--PERSONAL NAME
Personal name Goh, Rachel,
Relator term designer.
942 ## - ADDED ENTRY ELEMENTS (KOHA)
Source of classification or shelving scheme
Koha item type Teaching Resources
Holdings
Withdrawn status Lost status Source of classification or shelving scheme Damaged status Not for loan Collection code Permanent Location Current Location Shelving location Date acquired Total Checkouts Full call number Barcode Date due Date last seen Date last checked out Price effective from Koha item type
          Teaching Resources KH8 Senior School Library KH8 Senior School Library Staff Office 2024-10-09 2 330.076 WON TRKHSL005757 2026-07-19 2025-08-19 2025-08-19 2024-10-09 Teaching Resources

Powered By KH8 IT Dept